000 00556nam a2200169 a 4500
001 000033480
005 20200930070304.0
008 110830s1944 dr 000 0 spa d
040 _aDO-SdBNP
_bspa
_cBNPHU
100 1 _aAlvárez P., Eduardo A.
_959008
245 1 0 _aCristóbal Colón :
_bbiografía del descubridor /
_cA. Eduardo Alvárez P. ; prólogo Clarence H. Haring.
260 _aLa Habana :
_bCultural,
_c1944.
504 _aBibliografía: p. 483-493
586 _aPremio nacional de Cuba
700 1 _aHaring, Clarence H.
_959009
049 _aBNPD
999 _c32971
_d32971